01421nam a2200253 a 450000100100000000500170001000800410002704000250006808200250009310000260011824501330014425000110027726000400028830000190032850000630034759000270041070000470043795201380048495201380062295201380076095201230089895201290102199900170115000002237620250203093855.0101006s1999 dr 000 0 spa d aDO-SdBNPbspacBNPHU a305.873bM559v, 19991 aMerejo, Andrés946913aLa vida americana en el siglo XXI /cAndrés Merejo ; cuidado de edición Diógenes Céspedes ; prólogo Viriato Sención. a2a ed. aSanto Domingo :bDe Colores,c1999. a127 p.a23 cm. aIncluye datos biográficos del autor en la contracubierta aInventariado, 2019/ YL aSención, Viriato,d1941-epról.927776 001054708DSaGRbGRcHDd2010-10-06iLF1l0o305.873 M559v, 1999p22376-30r2020-06-25te. 3w2020-06-25yLFDSZPréstamo en sala 001054708DSaGRbGRcHDd2010-10-06iLF1l0o305.873 M559v, 1999p22376-40r2020-06-25te. 4w2020-06-25yLFDSZPréstamo en sala 001054708DSaGRbGRcHDd2010-10-06iLF1l0o305.873 M559v, 1999p22376-50r2020-06-25te. 5w2020-06-25yLFDSZPréstamo en sala 0010718PDaPDbPDcHDd2010-10-06iLF1l0o305.873 M559v, 1999p22376-10r2020-06-25w2020-06-25yLFPDZNo se presta 0010718PDaPDbPDcHDd2010-10-06iLF1l0o305.873 M559v, 1999p22376-20r2020-06-25te. 2w2020-06-25yLFPDZNo se presta c21874d21874